Prinsip dan amali pendidikan

Bibliographic Details
Main Author: Farrant, J. S. (Author)
Format: Book
Published: Kuala Lumpur : Dewan Bahasa dan Pustaka , 1977
Subjects:

MARC

LEADER 00000cam a2200000 7i4500
001 0000005275
005 20070623093000.0
008 021118s1977
090 0 0 |a LB1027   |b .F3 
100 0 |a Farrant, J. S. ,   |e author 
245 0 0 |a Prinsip dan amali pendidikan   |c J. S. Farrant   |f terjemahan Sharifah Rahman Ali 
260 2 |a Kuala Lumpur :   |b Dewan Bahasa dan Pustaka ,   |c 1977 
300 |a 465 ms. ; ;   |c 22 sm. 
500 |a Judul asal : Principles and practice of education 
650 0 |a Child psychology 
650 0 |a Education 
650 0 |a School management and organization 
999 |a 1000022325   |b Book   |c OPEN SHELF (30 DAYS)   |e Gong Badak Campus 
999 |a 1000022326   |b Book   |c OPEN SHELF (30 DAYS)   |e Gong Badak Campus